<?xml version="1.0" encoding="UTF-8"?>
<record
    xmlns:xsi="http://www.w3.org/2001/XMLSchema-instance"
    xsi:schemaLocation="http://www.loc.gov/MARC21/slim http://www.loc.gov/standards/marcxml/schema/MARC21slim.xsd"
    xmlns="http://www.loc.gov/MARC21/slim">

  <leader>04143nab a2200361 i 4500</leader>
  <controlfield tag="003">BR-BrBNA</controlfield>
  <controlfield tag="005">20240404100356.0</controlfield>
  <controlfield tag="008">240404b2020    bl.ar|pooa||| 00| 0 eng |</controlfield>
  <datafield tag="040" ind1=" " ind2=" ">
    <subfield code="a">BR-BrBNA</subfield>
    <subfield code="b">eng</subfield>
  </datafield>
  <datafield tag="072" ind1=" " ind2=" ">
    <subfield code="a">L51</subfield>
    <subfield code="b">5250</subfield>
  </datafield>
  <datafield tag="072" ind1=" " ind2=" ">
    <subfield code="a">L02</subfield>
  </datafield>
  <datafield tag="100" ind1=" " ind2=" ">
    <subfield code="a">Ara&#xFA;jo, Ricardo Alves de </subfield>
  </datafield>
  <datafield tag="100" ind1=" " ind2=" ">
    <subfield code="4">, </subfield>
    <subfield code="a">Neiva, Jos&#xE9; Neuman Miranda</subfield>
  </datafield>
  <datafield tag="100" ind1=" " ind2=" ">
    <subfield code="a">Rog&#xE9;rio, Marcos Cl&#xE1;udio Pinheiro</subfield>
  </datafield>
  <datafield tag="100" ind1=" " ind2=" ">
    <subfield code="a">C&#xE2;ndido, Magno Jos&#xE9; Duarte</subfield>
  </datafield>
  <datafield tag="100" ind1=" " ind2=" ">
    <subfield code="a">Lucas, Ronaldo Carlos</subfield>
  </datafield>
  <datafield tag="100" ind1=" " ind2=" ">
    <subfield code="a">Pompeu, Roberto Cl&#xE1;udio Fernandes Franco</subfield>
  </datafield>
  <datafield tag="245" ind1=" " ind2=" ">
    <subfield code="a">Nutritional parameters of female goat kids fed diets containing detoxified castor bean cake</subfield>
  </datafield>
  <datafield tag="500" ind1=" " ind2=" ">
    <subfield code="a">
Publica&#xE7;&#xE3;o on-line; 25 ref.; 4 tables; Summaries (En, Pt)</subfield>
  </datafield>
  <datafield tag="520" ind1=" " ind2=" ">
    <subfield code="a">


Abstract &#x2013; The objective of this work was to evaluate the effect of replacing
soybean meal (SM) by detoxified castor bean cake (DCC), containing different
alkaline solutions, on the nutritional parameters of Saanen and Anglo-Nubian
female goat (Capra aegagrus hircus) kids. The treatments consisted of three
diets: one based on corn and SM; and two with DCC with Ca(OH)2 or NaOH.
Intake and digestibility data were analyzed in two phases according to the
growth curves of the goats, which showed: a linear accelerated growth (phase
I, from 60 to 298 days of life) and a reduction in the intensity of body growth
(phase II, from 299 to 345 days). During phase I, the goat kids fed DCC with
NaOH showed a lower intake of dry matter (DM) and nutrients. During phase
II, there was significant effect of diets on the intake of nutrients, with the
exception of ether extract (EE), total digestible nutrients, and metabolizable
energy (ME). A diet effect was observed on the digestibility of DM, crude
protein, EE, and neutral detergent fiber, mainly for goat kids fed diets with
DCC. Despite their lower intake, the diets formulated with DCC do not
negatively affect the nutritional performance of female goats kids in both
growth phases, since they result in a greater feed efficiency.


Index terms: Capra aegagrus hircus, Anglo-Nubian, growth curve, Saanen.</subfield>
  </datafield>
  <datafield tag="520" ind1=" " ind2=" ">
    <subfield code="a">


Resumo &#x2013; O objetivo deste trabalho foi avaliar o efeito da substitui&#xE7;&#xE3;o do farelo
de soja (FS) pela torta de mamona detoxificada (TMD), contendo diferentes
solu&#xE7;&#xF5;es alcalinas, nos par&#xE2;metros nutricionais de cabritas (Capra aegagrus
hircus) Saanen e Anglonubiana. Os tratamentos consistiram de tr&#xEA;s dietas:
uma &#xE0; base de milho e FS; e duas com TMD por Ca(OH)2 ou NaOH. Os dados
de consumo e digestibilidade foram analisados em duas fases, de acordo com
as curvas de crescimento das cabritas, que mostraram: crescimento acelerado
linear (fase I, de 60 a 298 dias de vida) e redu&#xE7;&#xE3;o na intensidade do crescimento
corporal (fase II, de 299 a 345 dias). Durante a fase I, as cabritas alimentadas
com TMD por NaOH apresentaram menor consumo de mat&#xE9;ria seca (MS)
e nutrientes. Durante a fase II, houve efeito das dietas sobre a ingest&#xE3;o de
nutrientes, com exce&#xE7;&#xE3;o de extrato et&#xE9;reo (EE), nutrientes digest&#xED;veis totais e
energia metaboliz&#xE1;vel. Observou-se efeito da dieta na digestibilidade da MS,
da prote&#xED;na bruta, do EE e da fibra em detergente neutro, principalmente nas
cabritas que consumiram as dietas com TMD. Embora menos consumidas,
as dietas formuladas com TMD n&#xE3;o afetam negativamente o desempenho
nutricional das cabritas em ambas as fases de crescimento, uma vez que
resultam em maior efici&#xEA;ncia alimentar.


Termos para indexa&#xE7;&#xE3;o: Capra aegagrus hircus, Anglonubiana, curva de
crescimento, Saanen.</subfield>
  </datafield>
  <datafield tag="650" ind1=" " ind2=" ">
    <subfield code="a">CABRITO</subfield>
  </datafield>
  <datafield tag="650" ind1=" " ind2=" ">
    <subfield code="a">CRESCIMENTO</subfield>
  </datafield>
  <datafield tag="650" ind1=" " ind2=" ">
    <subfield code="a">DIETA</subfield>
  </datafield>
  <datafield tag="650" ind1=" " ind2=" ">
    <subfield code="a">CONSUMO</subfield>
  </datafield>
  <datafield tag="650" ind1=" " ind2=" ">
    <subfield code="a">DIGESTIBILIDADE</subfield>
  </datafield>
  <datafield tag="650" ind1=" " ind2=" ">
    <subfield code="a">EFICI&#xCA;NCIA NUTRICIONAL</subfield>
  </datafield>
  <datafield tag="650" ind1=" " ind2=" ">
    <subfield code="a">PERFORMANCE</subfield>
  </datafield>
  <datafield tag="773" ind1="0" ind2=" ">
    <subfield code="0">920</subfield>
    <subfield code="9">25800</subfield>
    <subfield code="d">Bras&#xED;lia-DF Empresa Brasileira de Pesquisa Agropecu&#xE1;ria - EMBRAPA 1966-</subfield>
    <subfield code="o">2023-436355</subfield>
    <subfield code="t">Pesquisa Agropecu&#xE1;ria Brasileira (Brazil)</subfield>
    <subfield code="x">0100-204X</subfield>
    <subfield code="g">v. 55 p. 1-8; (2020)</subfield>
    <subfield code="w">BR2024000280</subfield>
  </datafield>
  <datafield tag="856" ind1=" " ind2=" ">
    <subfield code="u">https://www.scielo.br/j/pab/a/PpkLyChtPthRST8rhRPYxSq/?format=pdf&amp;lang=en</subfield>
  </datafield>
  <datafield tag="942" ind1=" " ind2=" ">
    <subfield code="c">Anal&#xED;tica</subfield>
  </datafield>
  <datafield tag="999" ind1=" " ind2=" ">
    <subfield code="c">299055</subfield>
    <subfield code="d">299055</subfield>
  </datafield>
</record>
